Sports Quiz

Random Sports or NFL Quiz

Any NFL Team Besides the Raiders Quiz Stats

 Plays Quiz Updated May 3, 2018

Challenge
Share
Tweet
Embed
Score 0/15 Timer 02:00
8 Plays Today
Hint Answer % Correct
Randy Moss Played ForNew England Patriots
93.9%
Randy Moss Played ForMinnesota Vikings
92.1%
Is in AFC WestLos Angeles Chargers
87.2%
Is in AFC WestDenver Broncos
86.7%
Randy Moss Played ForSan Francisco 49ers
86.6%
Is in AFC WestKansas City Chiefs
82.4%
Won a Super Bowl in the 1980sSan Francisco 49ers
82%
Won a Super Bowl in the 1980sNew York Giants
72.6%
Hint Answer % Correct
Won a Super Bowl in the 1980sWashington Redskins
66.2%
Won a Super Bowl in the 1980sChicago Bears
66%
Won a Super Bowl in the 1980sPittsburgh Steelers
65.1%
Drafted a Placekicker in 1st roundWashington Redskins
64%
Randy Moss Played ForTennessee Titans
42.6%
Drafted a Placekicker in 1st roundArizona Cardinals
38.3%
Drafted a Placekicker in 1st roundNew Orleans Saints
36.7%

You're not logged in!

Compare scores with friends on all Sporcle quizzes.
Join for Free
OR
Log In

You Might Also Like...

Show Comments

Extras

Top Quizzes Today


Score Distribution

Your Account Isn't Verified!

In order to create a playlist on Sporcle, you need to verify the email address you used during registration. Go to your Sporcle Settings to finish the process.

Report this User

Report this user for behavior that violates our Community Guidelines.

Details: